Az érem mindkét oldalán

Bibliographic Details
Main Author: Bíró, Szabolcs, 1988- (Author)
Other Authors: Szalma, Zsolt (Illustrator)
Format: Article
Language:Hungarian
PhysicalDescription:Obr.
ISSN:1335-6321
Subjects:

MARC

LEADER 00000nab a2200000 ar4500
001 vtls009141465
003 SK-MaSNL
005 20260304000541.0
008 070918c2007 xo |||||||| |000 b|hun
015 |a SNBRB2007/09  |2 snkbucl 
038 |a SNKBUCL 
040 |a DSZK  |b slo  |c DSZK  |e AACR2 
041 0 |a hun 
044 |a xo  |c SK 
080 |a 821.511.141 (437.6)-32=511.141  |2 1997 
100 1 |a Bíró, Szabolcs,  |d 1988-  |4 aut  |9 211478 
245 1 3 |a Az érem mindkét oldalán  |c Francis W. Scott (Bíró Szabolcs) ; illusztrálta Szalma Zsolt 
300 |b Obr. 
650 0 7 |a maďarské novely  |2 snkbucl  |9 467254 
655 7 |a recenzie  |2 snkbucl  |9 21907 
700 1 |a Szalma, Zsolt  |4 ill  |9 1062200 
773 0 |t Szőrös kő : irodalom, művészet, kritika  |g Évf. 12, sz. 3 (2007), o. 61-63  |x 1335-6321 
852 |a SNK  |b KIS3GCP 
852 |a DSZK  |b KIS3GCP 
958 |a HU 
958 |a SK 
958 |a LX 
999 |c 2531777  |d 2533707